| 000 | 00834cad a22002055a 4500 | ||
|---|---|---|---|
| 001 | E153481 | ||
| 008 | 110802s2002 xxk f 000 0 eng d | ||
| 035 | _a(Sirsi) u153481 | ||
| 041 | 0 | _aeng | |
| 100 | 1 | _aAllmendinger, Philip | |
| 245 | 0 | 4 |
_aThe changing nature of regional planning _h[electronic resource] |
| 260 |
_aLondon _bRICS _c2002 |
||
| 490 | 0 | _aRICS Findings in Built and Rural Environments | |
| 520 | _aLooks at various aspects of regional planning, including its effectiveness, and the reltionships between regional and national planning initiatives. | ||
| 521 | _aAdvanced | ||
| 651 | 4 |
_aEngland _y886- |
|
| 690 | _aENVIRONMENTAL AND LAND CONSULTANCY-PLANNING AND DEVELOPMENT | ||
| 856 | 4 | 0 |
_uhttps://www.rics.org/Global/Downloads/ChangingNatureRegionalPlanning200211.pdf _zBroken link - not available |
| 942 | _n0 | ||
| 999 |
_c112544 _d112544 |
||